000
00261nam a2200109Ia 4500
005
20251222114400.0
008
251222s1900||||xx |||||||||||||| ||spa||
082
_a
DVD0070/B44/1997
245
0
_a
La vida es bella
264
_b
Melampo Cinematografica
942
_c
DVD
999
_c
1617
_d
1617